000 01593cam a2200289 a 4500
001 8912
003 BD-RjUL
005 20211208234658.0
008 140119s1982 mdu b 001 0 eng
020 _a0801825695
035 _a(BD-RjUL)8957
040 _aDLC
_cDLC
_dDLC
_dBD-RjUL
_beng
041 _aeng
082 0 0 _a338.9
_219
_bBAD 1982
100 1 _aBalassa, Bela A.
_99628
245 1 0 _aDevelopment strategies in semi-industrial economies /
_cBela Balassa in association with Julio Berlinski ... [et al.].
260 _aBaltimore :
_bThe Johns Hopkins University Press,
_cc1982.
300 _axiii, 394 p. ;
_c29 cm.
504 _aIncludes bibliographical references and index.
505 0 _aComparative analysis: Incentive measures / Bela Balassa. The structure of incentives in six semi-industrial economies / Bela Balassa. Development strategies and economic performance, a comparative analysis of eleven semi-industrial economies / Bela Balassa. Reforming the system of incentives in developing economies / Bela Balassa -- Incentive policies and economic development: Argentina / Julio Berlinski and Daniel M. Schydlowsky. Colombia / Thomas L. Hutcheson and Daniel M. Schydlowsky. Israel / Zvi Sussman. Korea / Larry E. Westphal and Kwang Suk Kim. Singapore / Augustine H.H. Tan and Ow Chin Hock. Taiwan / T.H. Lee and Kuo-shu Liang.
650 0 _aEconomic development
_xCase studies.
_912954
650 0 _aEconomic policy
_xCase studies.
_912955
942 _2ddc
_cBK
999 _c8912
_d8912